000
00198 a2200097 4500
001
8255
100
_a
King, A
245
_a
Mine enemy grows older
260
_a
_b
Heinemann
_c
090
_c
6638
_d
6638
942
_a
NUST-CAE
_c
M
_c
33198
999
_c
243328
_d
243328